O extrato bruto hidroalcoólico das folhas de Piper caldense C. DC. na redução do consumo de álcool em ratos (Registro n. 299805)
[ somente texto ]
| 000 -LÍDER | |
|---|---|
| fixed length control field | 03593nab a2200265 i 4500 |
| 003 - CÓDIGO MARC DA AGÊNCIA CATALOGADORA | |
| Campo de controle | BR-BrBNA |
| 005 - DATA E HORA DA ÚLTIMA ATUALIZAÇÃO | |
| Campo de controle | 20240528101454.0 |
| 008 - CAMPO DE TAMANHO FIXO | |
| fixed length control field | 240528b2015 bl.qr|pooa||| 00| 0 por | |
| 040 ## - FONTE DA CATALOGAÇÃO | |
| Agência catalogadora | BR-BrBNA |
| Idioma da catalogação | por |
| 072 ## - CATEGORIA AGRIS | |
| Código AGRIS | F60 |
| 100 ## - ENTRADA PRINCIPAL - NOME PESSOAL | |
| Nome pessoal | Pereira, R. |
| 100 ## - ENTRADA PRINCIPAL - NOME PESSOAL | |
| Nome pessoal | Guedes, A. |
| 100 ## - ENTRADA PRINCIPAL - NOME PESSOAL | |
| Nome pessoal | Da Silva, G.E. |
| 245 ## - TÍTULO PRINCIPAL | |
| Título principal | O extrato bruto hidroalcoólico das folhas de Piper caldense C. DC. na redução do consumo de álcool em ratos |
| 500 ## - NOTA GERAL | |
| Nota geral | Publicação on-line; 39 ref.; 2 illus.; Summaries (En, Pt) |
| 942 ## - ADDED ENTRY ELEMENTS (KOHA) | |
| Koha item type | |
| 520 ## - NOTA DE RESUMO | |
| Nota de conteúdo | <br/><br/>RESUMO: <br/><br/>A investigação de plantas medicinais como recurso terapêutico para combater o<br/>alcoolismo ainda é muito insipiente com poucas espécies investigadas. No presente trabalho<br/>avaliamos o efeito do extrato hidroalcoólico das folhas da planta Piper caldense C. DC. com<br/>relação ao consumo de álcool e também a sua potencialidade ansiolítica. Foram utilizados<br/>ratos Wistar machos, os quais foram divididos em grupos controle (solução fisiológica) e<br/>tratado (extrato da planta nas doses de 25, 50 e 150 mg/kg, e diazepam 2 mg/kg). Os animais<br/>foram tratados através da via intraperitoneal 1 h antes dos experimentos. Os modelos animais<br/>utilizados foram: Labirinto em Cruz Elevado (LCE) e auto-administração de álcool (AA). No<br/>LCE o extrato não apresentou efeito ansiolítico do tipo benzodiazepínico. Por outro lado, no<br/>comportamento relacionado a auto-administração de solução de álcool, o extrato apresentou<br/>efeito significativo reduzindo o consumo de álcool em relação ao grupo controle. Apesar do<br/>extrato não ter apresentado efeito ansiolítico, o mesmo parece apresentar potencialidades para<br/>combater o abuso e a dependência de álcool.<br/><br/>PALAVRAS-CHAVE: Piper caldense C. DC., labirinto em cruz elevado, auto-administração<br/>de álcool. <br/> |
| 520 ## - NOTA DE RESUMO | |
| Nota de conteúdo | <br/><br/>ABSTRACT: <br/><br/>The hydroalcoholic extract of leaves of Piper caldense C. DC. decreases<br/>alcohol consumption in rats. The investigation of medicinal plants as therapeutic resources in<br/>the combat of alcoholism is still very incipient with few species being investigated. The purpose<br/>of the present study was to examine the effects of the hydroalcoholic extract of leaves of Piper<br/>caldense C. DC. in relation to alcohol consumption and also its anxiolytic potentiality. Male Wistar<br/>rats, which had been separated into control group (saline) and treated group (Plant extract<br/>doses of 25, 50 and 150 mg/kg and 2 mg/kg of diazepam), were used. Animals were injected<br/>intraperitoneally 1 h before the tests. The following models were used: Elevated plus maze (EPM)<br/>and alcohol self-administration (ASA). In the EPM, the extract did not show benzodiazepine<br/>anxiolytic effect. On the other hand, in the behavior related to alcohol self-administration, the<br/>extract showed a significant effect, reducing alcohol consumption compared to the control group.<br/>Although the extract has not shown any anxiolytic effect, the results suggest that the plant has<br/>potential to combat alcohol abuse and addiction.<br/><br/>Key words: Piper caldense C. DC., elevated plus maze, alcohol self-administration. |
| 650 ## - ASSUNTO - THESAGRO | |
| Cabeçalho tópico ou nome geográfico | PIPERACEAE |
| 650 ## - ASSUNTO - THESAGRO | |
| Cabeçalho tópico ou nome geográfico | PLANTA MEDICINAL |
| 650 ## - ASSUNTO - THESAGRO | |
| Cabeçalho tópico ou nome geográfico | ÁLCOOL |
| 773 0# - ENTRADA ANALÍTICA | |
| Host Biblionumber | 3543 |
| Registro do item | 315481 |
| Imprenta | Botucatu-SP Instituto de Biociências - Departamento de Química e Bioquímica 1998 |
| Outro identificador | 2024-1782 |
| Título | Revista Brasileira de Plantas Medicinais (Brazil) |
| ISSN | 1516-0572 |
| Colação | v. 17(1) p. 157-163; (2015) |
| Número de controle de registro | BR2024000822 |
| 856 ## - ACESSO E ENDEREÇO ELETRÔNICO | |
| Identificador uniforme de recurso - URI | https://www.scielo.br/j/rbpm/a/VsmPKTHN7ZbYwjjsYcZTHmC/?format=pdf&lang=pt |
Nenhum exemplar disponível.

BINAGRI